[Event "Cheliabinsk-ch"]
[Site "Cheliabinsk"]
[Date "2011.01.16"]
[Round "3"]
[White "Lefebr, Vladislav"]
[Black "Gryaznev, Alexander"]
[Result "1-0"]
[WhiteElo "2085"]
[BlackElo "1960"]
[PlyCount "73"]
[EventDate "2011.01.13"]
[EventType "swiss"]
[EventRounds "9"]
[EventCountry "RUS"]
[SourceTitle "EXT 2012"]
[Source "ChessBase"]
[SourceDate "2011.11.24"]
[SourceVersion "1"]
[SourceVersionDate "2011.11.24"]
[SourceQuality "1"]

1. e4 c5 2. Nc3 Nc6 3. f4 d6 4. Nf3 Nf6 5. Bc4 e6 6. e5 Nd7 7. Qe2 d5 8. Bb5 Be7 9. 0-0 Nb6 10. d3 0-0 11. Bd2 Bd7 12. Rae1 a6 13. Bxc6 Bxc6 14. Qf2 Rc8 15. Qg3 Kh8 16. Qh3 Qd7 17. Ng5 Bxg5 18. fxg5 g6 19. Rf4 Rg8 20. Nd1 Qe7 21. Nf2 Rg7 22. Rh4 Nd7 23. Ng4 b5 24. Nf6 Nf8 25. Rh6 Qc7 26. Qg3 d4 27. Rf1 a5 28. Qe1 Qb7 29. Qe2 c4 30. Rf4 c3 31. bxc3 dxc3 32. Be3 Bd5 33. Rfh4 b4 34. Qg4 Bxg2 35. Qxg2 Qxg2+ 36. Kxg2 Rc6 37. Rc4 1-0

[Event "Cheliabinsk Panchenko Memorial 2nd"]
[Site "Cheliabinsk"]
[Date "2010.10.08"]
[Round "6"]
[White "Lefebr, Vladislav"]
[Black "Bulgakov, Nikolai"]
[Result "1-0"]
[WhiteElo "2115"]
[BlackElo "1913"]
[PlyCount "67"]
[EventDate "2010.10.04"]
[EventType "swiss"]
[EventRounds "9"]
[EventCountry "RUS"]
[SourceTitle "EXT 2011"]
[Source "ChessBase"]
[SourceDate "2010.11.26"]
[SourceVersion "1"]
[SourceVersionDate "2010.11.26"]
[SourceQuality "1"]

1. e4 d6 2. d4 Nf6 3. Nc3 g6 4. f3 Bg7 5. Be3 c6 6. a4 a5 7. Bc4 Nbd7 8. Qd2 d5 9. Ba2 e6 10. Nge2 Qc7 11. 0-0 0-0 12. Kh1 Kh8 13. Bh6 b6 14. Ng3 Ba6 15. Rfe1 dxe4 16. Bxg7+ Kxg7 17. fxe4 Rad8 18. Rad1 Rfe8 19. e5 Nd5 20. Nce4 h6 21. h4 Nb4 22. Bb1 Nxe5 23. Qf4 Nd5 24. Qxe5+ Qxe5 25. dxe5 f6 26. Nd6 Rf8 27. exf6+ Nxf6 28. Rxe6 Rd7 29. Rde1 Nd5 30. Ba2 Rfd8 31. Bxd5 Rxd6 32. Re7+ Kh8 33. Bf3 Rd2 34. Ne4 1-0

[Event "Cheliabinsk Kibizov Memorial 5th"]
[Site "Cheliabinsk"]
[Date "2010.06.29"]
[Round "6"]
[White "Matsenko, Andrei"]
[Black "Lefebr, Vladislav"]
[Result "1-0"]
[WhiteElo "2000"]
[BlackElo "2105"]
[PlyCount "99"]
[EventDate "2010.06.24"]
[EventType "swiss"]
[EventRounds "9"]
[EventCountry "RUS"]
[SourceTitle "EXT 2012"]
[Source "ChessBase"]
[SourceDate "2011.11.24"]
[SourceVersion "1"]
[SourceVersionDate "2011.11.24"]
[SourceQuality "1"]

1. e4 g6 2. d4 Bg7 3. f4 d6 4. Nc3 Nc6 5. Be3 Nf6 6. Be2 e5 7. dxe5 dxe5 8. Qxd8+ Nxd8 9. Nb5 Ne6 10. f5 a6 11. fxe6 axb5 12. Bxb5+ c6 13. exf7+ Kxf7 14. Bd3 Ng4 15. Bd2 Bf6 16. Nf3 Kg7 17. Ke2 Nh6 18. a4 Nf7 19. h3 Be6 20. Bc3 c5 21. b3 Rhc8 22. Rhb1 Ra7 23. Bd2 g5 24. Be3 Raa8 25. a5 h5 26. Nd2 Nd6 27. c4 g4 28. hxg4 Bxg4+ 29. Nf3 Bd8 30. Bd2 Nf7 31. Bc3 Rc6 32. b4 cxb4 33. Rxb4 Rc7 34. Rb5 Bf6 35. Rab1 Nd6 36. Rxe5 Nf7 37. Rbb5 Nxe5 38. Bxe5 Bxe5 39. Rxe5 Rd8 40. Ke3 Rdc8 41. Nd4 Kf7 42. Nb5 Rd7 43. Nc3 Rg8 44. Nd5 h4 45. Kf4 Rg6 46. Rg5 Be6 47. e5 Rxg5 48. Kxg5 Bxd5 49. cxd5 Rxd5 50. Bc4 1-0

[Event "Cheliabinsk Kibizov Memorial 5th"]
[Site "Cheliabinsk"]
[Date "2010.06.26"]
[Round "3"]
[White "Kozirev, Alexander"]
[Black "Lefebr, Vladislav"]
[Result "1-0"]
[WhiteElo "2344"]
[BlackElo "2105"]
[PlyCount "97"]
[EventDate "2010.06.24"]
[EventType "swiss"]
[EventRounds "9"]
[EventCountry "RUS"]
[SourceTitle "EXT 2012"]
[Source "ChessBase"]
[SourceDate "2011.11.24"]
[SourceVersion "1"]
[SourceVersionDate "2011.11.24"]
[SourceQuality "1"]

1. e4 e5 2. Nf3 Nc6 3. Bb5 f5 4. Nc3 fxe4 5. Nxe4 d5 6. Nxe5 dxe4 7. Nxc6 Qg5 8. Nd4+ c6 9. Bf1 Qe5 10. c3 Nf6 11. d3 c5 12. Ne2 Bd7 13. Bf4 Qf5 14. dxe4 Nxe4 15. f3 Nf6 16. Qd2 0-0-0 17. Ng3 Qe6+ 18. Be2 h6 19. Qe3 Qb6 20. Qe5 Ba4 21. Qf5+ Bd7 22. Qe5 Ba4 23. b3 Bd6 24. Qe6+ Kb8 25. Bxd6+ Rxd6 26. Qc4 Bc6 27. Qf4 Qc7 28. 0-0 g5 29. Qe5 Re8 30. Qxc5 Rd5 31. Qf2 h5 32. Bc4 Rde5 33. Rfe1 h4 34. Nf1 g4 35. Rxe5 Qxe5 36. fxg4 Qxc3 37. Rd1 b5 38. Bf7 Re4 39. g5 Ng4 40. Qf5 Qc2 41. Rd8+ Kb7 42. b4 Re2 43. Qxc2 Rxc2 44. Bd5 Bxd5 45. Rxd5 Rc1 46. Rxb5+ Kc6 47. Rf5 Ne3 48. Rf3 Nc4 49. g6 1-0